000 00444nam a22001817a 4500
003 CEME
005 20210628204152.0
008 210105b xxu||||| |||| 00| 0 eng d
040 _cceme
082 _a658.84 SCH
100 _aSchneider, Gary.P
_969083
245 _aElectronic commerce
250 _a3RD
260 _aCANADA
_bTHOMSON
_c2010
300 _aXXIV, 567P
650 _aELECTRONIC COMMERCE.E-COMMERCE
_959677
942 _cBK
_2ddc
999 _c576492
_d576492